| 000 | 00374nam a2200157Ia 4500 | ||
|---|---|---|---|
| 008 | 210716s1992 xx 000 0 und d | ||
| 020 | _a8171810136 | ||
| 041 | _aeng | ||
| 082 | _a005.301 RISR | ||
| 100 | _aRissman, Rainey S. | ||
| 245 | _aCost control using lotus 123. | ||
| 250 | _a1 | ||
| 260 |
_aNew Delhi _bLearners Press _c1992 |
||
| 300 | _a102 | ||
| 650 | _aNone | ||
| 999 |
_c182233 _d182233 |
||